Depozitné certifikáty - zaujímavé zúročenie voľných finančných prostriedkov

Guardado en:
Detalles Bibliográficos
Autor principal: Korauš, Antonín
Formato: Capítulo de libro
Lenguaje:eslovaco
Etiquetas: Agregar Etiqueta
Sin Etiquetas, Sea el primero en etiquetar este registro!

MARC

LEADER 00000naa a2200000 4500
001 0119428
005 20240502072330.1
041 0 |a slo 
044 |a SK 
245 1 0 |a Depozitné certifikáty - zaujímavé zúročenie voľných finančných prostriedkov  |c Anton Korauš 
100 1 |a Korauš, Antonín